00387nam a22001097a 4500008004100000100002400041245006900065260002300134300003600157520006100193773002300254250729b ||||| |||| 00| 0 eng d a Rai, Sarav, Kumar  aAyurveda, national and society: United provinces, C. 1890-1950.  aSocial Scientist  a53(3-4), Mar-Apr, 2025: p.80-83 aOrient Blackswan, 2024, 292 pages, Rs. 1400. Reproduced  aSocial Scientist